Представление документа в формате RUSMARC

ПолеНазваниеЗначение
  Тип записи a
  Библиографический уровень a
001 Контрольный номер RU/CBS_UL/BASE/27641e0c4f944ce49cb7c0a513ea03fb
005 Дата корректировки 20260116104312.5
100 Данные общей обработки __
a Данные общей обработки 20260116 ||| 0rusy0189 ca
101 Язык документа 0_
a Язык текста rus
102 Страна публикации __
a Страна публикации RU
200 Заглавие и сведения об ответственности 1_
a Заглавие Славим по-симбирски
e Сведения, относящиеся к заглавию [рождественские празднества в Симбирске конца XIX - начала XX века]
f Первые сведения об ответственности О. Злотникова
300 Общие примечания __
a Общие примечания 16+
461 Уровень набора _0
1 2000
a Народная газета
463 Уровень физической единицы _0
1 2000
a № 1 (9 янв.)
v С. 22
1 2101
d 2026
1 001RU/CBS_UL/BASE/578631cbea3048a58c2e47740252896f
606 Тематические рубрики 0_
a Основная рубрика Новый год - История - Симбирская губерния
610 Ключевые слова 0_
a Ключевые слова празднование Нового года
610 Ключевые слова 0_
a Ключевые слова празднование Рождества
610 Ключевые слова 0_
a Ключевые слова обычаи
610 Ключевые слова 0_
a Ключевые слова рождественские праздники
610 Ключевые слова 0_
a Ключевые слова святки
610 Ключевые слова 0_
a Ключевые слова история празднования Нового года
610 Ключевые слова 0_
a Ключевые слова традиции
686 Индексы других классификаций __
a Классификационный индекс 63.3(2Рос235.54)
700 Автор _1
a Фамилия Злотникова
b Имя (инициалы) О.
801 Источник записи _0
a Страна RU
b Организация МБУК ЦБС г. Ульяновска
c Дата составления 20260116
g Правила каталогизации RCR
801 Источник записи _1
a Страна RU
b Организация МБУК ЦБС г. Ульяновска
c Дата составления 20260116
g Правила каталогизации RCR
901 Тип документа __
t Тип документа f
w Контрольный № источника RU/CBS_UL/BASE/578631cbea3048a58c2e47740252896f
909 Создатель записи __
a Создатель записи mbo